Universidad y currículum / Pablo María Hernández (Registro nro. 2845)
[ vista simple ]
| 000 -LEADER | |
|---|---|
| fixed length control field | 00559nam a22001931a 4500 |
| 001 - CONTROL NUMBER | |
| control field | 2845 |
| 003 - CONTROL NUMBER IDENTIFIER | |
| control field | OSt |
| 005 - DATE AND TIME OF LATEST TRANSACTION | |
| control field | 20260204211828.0 |
| 008 - FIXED-LENGTH DATA ELEMENTS--GENERAL INFORMATION | |
| fixed length control field | 040403s1986||||dr ||||||b||||||||||spa|| |
| 050 ## - LIBRARY OF CONGRESS CALL NUMBER | |
| Classification number | RD 378.1 H43p |
| 082 ## - DEWEY DECIMAL CLASSIFICATION NUMBER | |
| Classification number | RD 378.1 H431p |
| 100 ## - ASIENTO PRINCIPAL -- NOMBRE PERSONAL | |
| Personal name | Hernández, Pablo María |
| 245 ## - TÍTULO PROPIAMENTE DICHO: SUBTÍTULO | |
| Title | Universidad y currículum / Pablo María Hernández |
| 264 ## - PRODUCTION, PUBLICATION, DISTRIBUTION, MANUFACTURE, AND COPYRIGHT NOTICE | |
| Place of production, publication, distribution, manufacture | Santo Domingo : UASD |
| 300 ## - PHYSICAL DESCRIPTION | |
| Extensión | 229 p. |
| 500 ## - GENERAL NOTE | |
| General note | Incluye indice. |
| 650 ## - ASIENTO SECUNDARIO DE MATERIA -- TERMINO TEMÁTICO | |
| Termino Temático Como Elemento de Entrada | 1.Universidades - Organización y Administración 2.Universidad República DominicanaÌ |
| 942 ## - ADDED ENTRY ELEMENTS (KOHA) | |
| Source of classification or shelving scheme | Dewey Decimal Classification |
| Koha item type | Libros |
| Withdrawn status | Lost status | Source of classification or shelving scheme | Damaged status | Not for loan | Current library | Date acquired | Full call number | Barcode | Date last seen | Price effective from | Koha item type |
|---|---|---|---|---|---|---|---|---|---|---|---|
| Dewey Decimal Classification | Descartado para donación | Biblioteca UTECO | 09/09/2019 | RD 378.1 H43P | 006796 | 09/09/2019 | 09/09/2019 | Libros | |||
| Dewey Decimal Classification | Dañado | Biblioteca UTECO | 09/09/2019 | RD 378.1 H43P | 006797 | 09/09/2019 | 09/09/2019 | Libros |
